00542nam a2200217 a 4500001001300000003000900013005001700022008004100039020002300080082002000103100001800123245002800141260002900169300000900198500003500207505001000242650001900252650001700271650001800288700001800306nice12345678IN_TiNIC20260116012251.0050524s1980 newa grp 000 0 eng  a0582845 c10000a305.480297bWAD aWaddy, Charis aWomen in Muslim History aNew YorkbLongman c1980 a223p aincludes index and biblioraphy2 aIndex aWomen in Islam aMuslim Women aIslam-History1 aWaddy, Charis